Statistics for science and engineering

Wedi'i Gadw mewn:
Manylion Llyfryddiaeth
Prif Awdur: Kinney, John J.
Fformat: Llyfr
Iaith:Undetermined
Cyhoeddwyd: New York Pearson 2002
Pynciau:
Tagiau: Ychwanegu Tag
Dim Tagiau, Byddwch y cyntaf i dagio'r cofnod hwn!
Thư viện lưu trữ: Trung tâm Học liệu Trường Đại học Cần Thơ
LEADER 00500nam a2200193Ia 4500
001 CTU_74666
008 210402s9999 xx 000 0 und d
020 |b 1272000 
082 |a 519.5 
082 |b K51 
100 |a Kinney, John J. 
245 0 |a Statistics for science and engineering 
245 0 |c John J. Kinney 
260 |a New York 
260 |b Pearson 
260 |c 2002 
650 |a Mathematical statistics 
904 |i Năm 
980 |a Trung tâm Học liệu Trường Đại học Cần Thơ